书目信息 |
| 题名: |
何绍基书苏东坡诗
|
|
| 作者: | 何绍基 书 | |
| 分册: | ||
| 出版信息: | 武汉 武汉市古籍书店 1982 |
|
| 页数: | 43页 | |
| 开本: | 25cm | |
| 丛书名: | ||
| 单 册: | ||
| 中图分类: | J292.26 , J292.33 | |
| 科图分类: | ||
| 主题词: | 法书--中国--清代 , 篆刻--中国 , 书法--中国 | |
| 电子资源: | ||
| ISBN: | ||
| 000 | 00673nam0 2200253 45 | |
| 001 | 0182007783 | |
| 005 | 20060803092158.79 | |
| 010 | @dCNY0.55 | |
| 100 | @a19950411d1982 em y0chiy0121 ea | |
| 101 | 0 | @achi |
| 102 | @aCN@b420000 | |
| 105 | @ay z 000yy | |
| 200 | 10 | @a何绍基书苏东坡诗@Ahe shao ji shu su dong po shi@f(清)何绍基书 |
| 210 | @a武汉@c武汉市古籍书店@d1982 | |
| 215 | @a43页@d25cm | |
| 606 | @a法书@y中国@z清代 | |
| 606 | 0 | @a篆刻@x中国 |
| 606 | 0 | @a书法@x中国 |
| 690 | @aJ292.26@v3 | |
| 690 | @aJ292.33 | |
| 701 | 0 | @a何绍基@Ahe shao ji@4书 |
| 801 | 2 | @aCN@bNLC@c20060803 |
| 801 | 0 | @aCN@b上海图书馆@c20040520 |
| 905 | @f1@b208907@dJ292.33@e185 | |
| 何绍基书苏东坡诗/(清)何绍基书.-武汉:武汉市古籍书店,1982 |
| 43页;25cm |
| ISBN :CNY0.55 |
| ● |
| 相关链接 |
|
|
|
|
正题名:何绍基书苏东坡诗
索取号:J292.33/185
 
预约/预借
| 序号 | 登录号 | 条形码 | 馆藏地/架位号 | 状态 | 备注 |
| 1 | 0208907 | 000798211 | 第一借阅区/ [索取号:J292.33/185] | 在馆 | |
| 2 | 0208908 | 000798239 | 第一样本阅览室/ [索取号:J292.33/185] | 在馆 | |
| 3 | 0444378 | 204443780 | 密集书库/ [索取号:J292.33/185] | 在馆 |